[Event "Las Palmas Insular-chT Segunda 1718"]
[Site "Las Palmas"]
[Date "2018.02.03"]
[Round "7.3"]
[White "Gonzalez Sastron, David"]
[Black "Montesdeoca Arteta, Jose Andres"]
[Result "0-1"]
[WhiteElo "1259"]
[BlackElo "1489"]
[PlyCount "42"]
[EventDate "2017.10.28"]
[EventType "team-swiss"]
[EventRounds "9"]
[EventCountry "ESP"]
[SourceTitle "EXT 2021"]
[Source "ChessBase"]
[SourceDate "2020.10.23"]
[SourceVersion "1"]
[SourceVersionDate "2020.10.23"]
[SourceQuality "1"]
[WhiteTeam "Panaderia Pulido San Mateo III"]
[BlackTeam "Cadetra"]
[WhiteTeamCountry "ESP"]
[BlackTeamCountry "ESP"]

1. e4 e5 2. Nf3 Nc6 3. Bb5 d6 4. h3 Nf6 5. 0-0 Nxe4 6. d4 exd4 7. Re1 d5 8. Nxd4 Bd7 9. Nc3 Ne7 10. Bxd7+ Qxd7 11. Nxe4 dxe4 12. Bf4 0-0-0 13. Qd2 Qxd4 14. Qa5 Qb6 15. Qc3 Nd5 16. Qe5 Nxf4 17. Qxf4 Bc5 18. Rad1 e3 19. Kh1 exf2 20. Rf1 Rxd1 21. Rxd1 Re8 0-1

[Event "Gran Canaria-ch U08"]
[Site "Gran Canaria"]
[Date "2013.03.09"]
[Round "3.3"]
[White "Gonzalez Sastron, David"]
[Black "Gonzalez Sastron, Pablo"]
[Result "0-1"]
[WhiteElo "1200"]
[BlackElo "1200"]
[PlyCount "36"]
[EventDate "2013.03.08"]
[EventType "swiss"]
[EventRounds "5"]
[EventCountry "ESP"]
[SourceTitle "EXT 2024"]
[Source "ChessBase"]
[SourceDate "2023.10.10"]
[SourceVersion "1"]
[SourceVersionDate "2023.10.10"]
[SourceQuality "1"]

1. e4 e5 2. Nf3 Nc6 3. Nc3 Nf6 4. Bc4 Bc5 5. d3 d6 6. 0-0 Bg4 7. Bg5 h6 8. Bh4 Nd4 9. Nd5 g5 10. Bg3 c6 11. Nxf6+ Qxf6 12. c3 Nxf3+ 13. gxf3 Bxf3 14. Qd2 Qg6 15. Qc2 Qh5 16. Qb3 Qh3 17. Bxf7+ Kd8 18. Qe6 Qg2# 0-1